Prueba de las Islas Salomón - Estadísticas

Estadísticas generales
  • Esta prueba ha sido intentada 687 veces
  • La puntuación promedio es 7 de 14
Estadísticas de respuestas
Pista Respuesta % Correcto
País del que las Islas Salomón obtuvieron su independencia en 1978 Reino Unido
86%
Países más cercanos Papua Nueva Guinea
74%
Países más cercanos Vanuatu
74%
El país que invadió en 1942 Japón
71%
El deporte más popular Rugby
66%
Capital Honiara
62%
La subregión de Oceanía de la que forman parte las Islas Salomón {Mela}nesia
54%
Mar al oeste Mar de Salomón
51%
El sector más grande de la economía Agricultura
48%
Mar al sur Mar de Coral
44%
No se permite a los extranjeros ser propietarios de _____ en las Islas Salomón Tierras
44%
La isla más grande, lugar de una sangrienta batalla de la Segunda Guerra Mundial Guadalcanal
25%
¿Qué se utilizaba como moneda antes de la colonización europea? Cuentas de {concha}
20%
La lengua más hablada Pijin
13%
No se encontraron pruebas coincidentes
Distribución de puntuación
Porcentaje de gente con cada puntuación
Porcentaje por número respondido
Historial de tus puntuaciones
No has intentado esta prueba.